ब्रह्मांड / (Record no. 118534)

MARC details
000 -LEADER
fixed length control field 01148nam a22002657a 4500
005 - DATE AND TIME OF LATEST TRANSACTION
control field 20170124103115.0
010 ## - LIBRARY OF CONGRESS CONTROL NUMBER
LC control number B-150817
020 ## - INTERNATIONAL STANDARD BOOK NUMBER
Terms of availability 200.00
International Standard Book Number 8190216937
035 ## - SYSTEM CONTROL NUMBER
System control number B-150817
037 ## - SOURCE OF ACQUISITION
Source of stock number/acquisition Cen Lib/Ret
040 ## - CATALOGING SOURCE
Original cataloging agency DPL
Language of cataloging HN
082 ## - DEWEY DECIMAL CLASSIFICATION NUMBER
Classification number 523.1
Item number शर्मागा
100 ## - MAIN ENTRY--PERSONAL NAME
Personal name शर्मा, गायत्री
9 (RLIN) 80730
245 ## - TITLE STATEMENT
Title ब्रह्मांड /
Statement of responsibility, etc गायत्री शर्मा
246 ## - VARYING FORM OF TITLE
Title proper/short title Brahamand /
Remainder of title by Gayatri Sharma
260 ## - PUBLICATION, DISTRIBUTION, ETC. (IMPRINT)
Place of publication, distribution, etc जयपुर
Name of publisher, distributor, etc अग्रवाल पब्लिशिंग हाउस
Date of publication, distribution, etc 2005
270 ## - ADDRESS
Address 1885, नाटानियों का रास्ता
City जयपुर
Postal code 302003
300 ## - PHYSICAL DESCRIPTION
Extent 132पृ. :
Dimensions 21सेमी (सजिल्द)
Other physical details सचित्र
490 ## - SERIES STATEMENT
Series statement विज्ञान सबके लिए
650 ## - SUBJECT ADDED ENTRY--TOPICAL TERM
Topical term or geographic name as entry element भौतिक विज्ञान--खगोल शास्त्र
9 (RLIN) 80731
650 ## - SUBJECT ADDED ENTRY--TOPICAL TERM
Topical term or geographic name as entry element अविष्कार की खोज
9 (RLIN) 80732
650 ## - SUBJECT ADDED ENTRY--TOPICAL TERM
Topical term or geographic name as entry element Physics--Astronomy
9 (RLIN) 80733
650 ## - SUBJECT ADDED ENTRY--TOPICAL TERM
Topical term or geographic name as entry element Search for invention
9 (RLIN) 80734
942 ## - ADDED ENTRY ELEMENTS (KOHA)
Source of classification or shelving scheme Dewey Decimal Classification
Koha item type Hindi Books
Classification part 523.1
Call number suffix शर्मागा
Holdings
Withdrawn status Lost status Damaged status Not for loan Home library Current library Date acquired Source of acquisition Cost, normal purchase price Total Checkouts Full call number Barcode Date last seen Copy number Cost, replacement price Price effective from Koha item type
        Central Library Central Library 11/09/2015 Cen Lib/Ret 200.00   523.1 शर्मागा B-150817 11/09/2015 1 200.00 11/09/2015 Hindi Books

© Delhi Public Library
Hit Counter
free hit counter